[Event "World Senior chT-65 2019"]
[Site "Rhodes"]
[Date "2019.04.18"]
[Round "3.31"]
[White "Bhopal, Raj"]
[Black "Strobel, Ferdinand"]
[Result "1/2-1/2"]
[WhiteElo "1900"]
[BlackElo "1974"]
[PlyCount "55"]
[EventDate "2019.04.16"]
[EventType "team-tourn"]
[EventCountry "GRE"]
[TimeControl "40/5400+30:1800+30"]

1. e4 {[%emt 0:00:00]} d6 {[%emt 0:00:00]} 2. d4 {[%emt 0:00:00]} Nf6 {[%emt 0:00:00]} 3. Nc3 {[%emt 0:00:00]} g6 {[%emt 0:00:11]} 4. Nf3 {[%emt 0:00:01]} Bg7 {[%emt 0:00:13]} 5. Be2 {[%emt 0:00:11]} O-O {[%emt 0:01:24]} 6. O-O {[%emt 0:00:08]} c6 {[%emt 0:07:17]} 7. h3 {[%emt 0:01:50]} b5 {[%emt 0:04:23]} 8. a3 {[%emt 0:04:25]} a6 {[%emt 0:07:41]} 9. Be3 {[%emt 0:01:53]} Nbd7 {[%emt 0:02:31]} 10. Qd2 {[%emt 0:05:42]} Bb7 {[%emt 0:04:37]} 11. e5 {[%emt 0:07:32]} Ne8 {[%emt 0:05:36]} 12. Bh6 {[%emt 0:09:42]} Nc7 {[%emt 0:14:38]} 13. exd6 {[%emt 0:02:38]} exd6 {[%emt 0:00:07]} 14. Bg5 {[%emt 0:04:16]} Nf6 {[%emt 0:04:46]} 15. Rad1 {[%emt 0:04:17]} Ne6 {[%emt 0:04:04]} 16. Bh4 {[%emt 0:02:12]} Qc7 {[%emt 0:03:49]} 17. Bg3 {[%emt 0:02:46]} a5 {[%emt 0:03:34]} 18. b4 {[%emt 0:05:56]} axb4 {[%emt 0:02:57]} 19. axb4 {[%emt 0:00:00]} Qd7 {[%emt 0:04:29]} 20. Rfe1 {[%emt 0:01:58]} Nc7 {[%emt 0:01:18]} 21. Ng5 {[%emt 0:05:22]} d5 {[%emt 0:03:56]} 22. Nf3 {[%emt 0:03:46]} Ne4 {[%emt 0:01:37]} 23. Nxe4 {[%emt 0:01:22]} dxe4 {[%emt 0:00:13]} 24. Ne5 {[%emt 0:01:10]} Qe7 {[%emt 0:02:50]} 25. Bf1 {[%emt 0:07:13]} Nd5 {[%emt 0:04:20]} 26. c3 {[%emt 0:07:05]} Ra3 {[%emt 0:06:40]} 27. Rc1 {[%emt 0:00:46]} f5 {[%emt 0:00:19]} 28. Nd3 {[%emt 0:02:54]} 1/2-1/2

[Event "World Senior chT-65 2019"]
[Site "Rhodes"]
[Date "2019.04.18"]
[Round "3.32"]
[White "Danner, Lambert"]
[Black "Dawson, Alastair"]
[Result "1-0"]
[WhiteElo "2013"]
[BlackElo "1817"]
[PlyCount "73"]
[EventDate "2019.04.16"]
[EventType "team-tourn"]
[EventCountry "GRE"]
[TimeControl "40/5400+30:1800+30"]

1. g3 {[%emt 0:00:00]} g6 {[%emt 0:00:00]} 2. c4 {[%emt 0:00:00]} c5 {[%emt 0:00:02]} 3. Nc3 {[%emt 0:00:00]} Nc6 {[%emt 0:00:11]} 4. Bg2 {[%emt 0:00:05]} Bg7 {[%emt 0:00:17]} 5. Nf3 {[%emt 0:00:06]} Nf6 {[%emt 0:00:09]} 6. O-O {[%emt 0:00:31]} O-O {[%emt 0:00:08]} 7. d4 {[%emt 0:00:38]} cxd4 {[%emt 0:00:31]} 8. Nxd4 {[%emt 0:00:07]} Nxd4 {[%emt 0:00:44]} 9. Qxd4 {[%emt 0:00:06]} d6 {[%emt 0:00:31]} 10. Qd2 {[%emt 0:01:11]} Rb8 {[%emt 0:05:51]} 11. Rd1 {[%emt 0:02:12]} b6 {[%emt 0:02:33]} 12. b3 {[%emt 0:03:53]} Nd7 {[%emt 0:02:02]} 13. Bb2 {[%emt 0:00:21]} Bb7 {[%emt 0:02:49]} 14. e4 {[%emt 0:00:37]} Nc5 {[%emt 0:06:01]} 15. Re1 {[%emt 0:01:32]} Qd7 {[%emt 0:04:40]} 16. Rad1 {[%emt 0:00:53]} a5 {[%emt 0:07:02]} 17. h3 {[%emt 0:08:02]} Bc6 {[%emt 0:04:30]} 18. Re2 {[%emt 0:01:56]} Qb7 {[%emt 0:02:21]} 19. Nd5 {[%emt 0:03:38]} Bxb2 {[%emt 0:00:35]} 20. Qxb2 {[%emt 0:00:07]} Bxd5 {[%emt 0:04:43]} 21. Rxd5 {[%emt 0:00:31]} Qc7 {[%emt 0:07:13]} 22. Qc1 {[%emt 0:05:54]} Nd7 {[%emt 0:07:58]} 23. Qd2 {[%emt 0:02:26]} a4 {[%emt 0:01:32]} 24. Kh2 {[%emt 0:00:46]} axb3 {[%emt 0:00:10]} 25. axb3 {[%emt 0:00:07]} Nc5 {[%emt 0:00:29]} 26. Qb2 {[%emt 0:01:26]} b5 {[%emt 0:00:39]} 27. Qc3 {[%emt 0:02:36]} bxc4 {[%emt 0:02:28]} 28. bxc4 {[%emt 0:01:32]} Rfc8 {[%emt 0:02:35]} 29. e5 {[%emt 0:01:24]} dxe5 {[%emt 0:02:19]} 30. Rexe5 {[%emt 0:02:22]} Qa7 {[%emt 0:07:10]} 31. Qe3 {[%emt 0:00:55]} Rb3 {[%emt 0:02:46]} 32. Rxc5 {[%emt 0:04:06]} Rxe3 {[%emt 0:00:36]} 33. Rxc8+ {[%emt 0:00:08]} Kg7 {[%emt 0:00:03]} 34. Rxe3 {[%emt 0:00:13]} e6 {[%emt 0:00:28]} 35. c5 {[%emt 0:01:35]} Qd7 {[%emt 0:00:19]} 36. Rb8 {[%emt 0:01:05]} Qc7 {[%emt 0:00:21]} 37. Rb5 {[%emt 0:00:16]} 1-0

[Event "World Senior chT-65 2019"]
[Site "Rhodes"]
[Date "2019.04.18"]
[Round "3.33"]
[White "Vucenovic, Dragomir"]
[Black "Andersson, Kaj"]
[Result "1-0"]
[WhiteElo "2168"]
[BlackElo "2030"]
[PlyCount "108"]
[EventDate "2019.04.16"]
[EventType "team-tourn"]
[EventCountry "GRE"]
[TimeControl "40/5400+30:1800+30"]

1. d4 {[%emt 0:00:00]} d5 {[%emt 0:00:00]} 2. Nf3 {[%emt 0:00:00]} Nf6 {[%emt 0:00:00]} 3. g3 {[%emt 0:00:00]} e6 {[%emt 0:01:21]} 4. Bg2 {[%emt 0:00:02]} Bd6 {[%emt 0:00:33]} 5. O-O {[%emt 0:00:27]} O-O {[%emt 0:00:06]} 6. b3 {[%emt 0:01:04]} c6 {[%emt 0:01:05]} 7. Bb2 {[%emt 0:00:51]} Nbd7 {[%emt 0:00:52]} 8. Nbd2 {[%emt 0:02:01]} Qc7 {[%emt 0:03:17]} 9. c4 {[%emt 0:00:40]} Re8 {[%emt 0:00:49]} 10. Rc1 {[%emt 0:01:35]} b6 {[%emt 0:07:53]} 11. Qc2 {[%emt 0:01:57]} Ba6 {[%emt 0:01:45]} 12. cxd5 {[%emt 0:06:34]} exd5 {[%emt 0:01:15]} 13. Qxc6 {[%emt 0:02:40]} Qxc6 {[%emt 0:03:53]} 14. Rxc6 {[%emt 0:00:07]} Bb4 {[%emt 0:00:31]} 15. a3 {[%emt 0:30:58]} Bxd2 {[%emt 0:05:56]} 16. Nxd2 {[%emt 0:00:07]} Rxe2 {[%emt 0:02:37]} 17. Rd1 {[%emt 0:00:13]} Rae8 {[%emt 0:09:27]} 18. Rcc1 {[%emt 0:01:23]} R2e7 {[%emt 0:07:09]} 19. a4 {[%emt 0:01:53]} Nf8 {[%emt 0:01:24]} 20. Ba3 {[%emt 0:00:52]} Rd7 {[%emt 0:00:54]} 21. Nf3 {[%emt 0:01:31]} Ng6 {[%emt 0:05:55]} 22. h4 {[%emt 0:09:10]} h5 {[%emt 0:03:24]} 23. Re1 {[%emt 0:00:56]} Rxe1+ {[%emt 0:05:38]} 24. Rxe1 {[%emt 0:00:22]} Bd3 {[%emt 0:04:30]} 25. Ne5 {[%emt 0:10:35]} Nxe5 {[%emt 0:02:09]} 26. dxe5 {[%emt 0:02:20]} Ng4 {[%emt 0:05:48]} 27. Bd6 {[%emt 0:11:22]} d4 {[%emt 0:14:38]} 28. Rd1 {[%emt 0:03:24]} Bc2 {[%emt 0:00:28]} 29. Rxd4 {[%emt 0:00:40]} Bxb3 {[%emt 0:00:11]} 30. f3 {[%emt 0:02:06]} Nh6 {[%emt 0:00:49]} 31. f4 {[%emt 0:01:43]} Nf5 {[%emt 0:00:51]} 32. Bh3 {[%emt 0:04:53]} Nxd4 {[%emt 0:01:11]} 33. Bxd7 {[%emt 0:00:04]} Ne2+ {[%emt 0:00:32]} 34. Kf2 {[%emt 0:00:49]} Nc3 {[%emt 0:00:03]} 35. Bb8 {[%emt 0:02:54]} a5 {[%emt 0:01:39]} 36. f5 {[%emt 0:00:10]} Bc2 {[%emt 0:07:10]} 37. e6 {[%emt 0:00:45]} Bxf5 {[%emt 0:00:25]} 38. exf7+ {[%emt 0:00:13]} Kxf7 {[%emt 0:00:02]} 39. Bxf5 {[%emt 0:00:22]} Nxa4 {[%emt 0:00:05]} 40. Bc7 {[%emt 0:00:00]} Kf6 {[%emt 0:00:00]} 41. Bc2 {[%emt 0:02:54]} Nb2 {[%emt 0:02:56]} 42. Bxb6 {[%emt 0:00:25]} Nc4 {[%emt 0:00:06]} 43. Bd4+ {[%emt 0:00:26]} Ne5 {[%emt 0:00:36]} 44. Bc3 {[%emt 0:01:03]} g6 {[%emt 0:03:33]} 45. Bxg6 {[%emt 0:00:58]} Kxg6 {[%emt 0:00:19]} 46. Bxe5 {[%emt 0:00:08]} Kf5 {[%emt 0:00:18]} 47. Bc3 {[%emt 0:00:19]} a4 {[%emt 0:00:02]} 48. Bb2 {[%emt 0:00:07]} Ke4 {[%emt 0:00:36]} 49. Kg2 {[%emt 0:00:21]} Ke3 {[%emt 0:00:59]} 50. g4 {[%emt 0:00:26]} hxg4 {[%emt 0:00:45]} 51. Kg3 {[%emt 0:00:06]} Ke4 {[%emt 0:00:33]} 52. Kxg4 {[%emt 0:00:08]} Kd5 {[%emt 0:00:04]} 53. Kg5 {[%emt 0:00:22]} Ke6 {[%emt 0:00:01]} 54. Kg6 {[%emt 0:00:13]} Kd5 {[%emt 0:00:12]} 1-0

[Event "World Senior chT-65 2019"]
[Site "Rhodes"]
[Date "2019.04.18"]
[Round "3.34"]
[White "Carlsten, Peter"]
[Black "Bhend, Edwin"]
[Result "1/2-1/2"]
[WhiteElo "2002"]
[BlackElo "2120"]
[PlyCount "93"]
[EventDate "2019.04.16"]
[EventType "team-tourn"]
[EventCountry "GRE"]
[TimeControl "40/5400+30:1800+30"]

1. e4 {[%emt 0:00:00]} c6 {[%emt 0:00:00]} 2. d4 {[%emt 0:00:00]} d5 {[%emt 0:00:00]} 3. f3 {[%emt 0:00:00]} e6 {[%emt 0:00:00]} 4. Nc3 {[%emt 0:00:11]} f5 {[%emt 0:00:38]} 5. Be3 {[%emt 0:05:29]} Bb4 {[%emt 0:00:42]} 6. Nge2 {[%emt 0:04:39]} Nh6 {[%emt 0:02:14]} 7. a3 {[%emt 0:02:06]} Ba5 {[%emt 0:00:17]} 8. Qd2 {[%emt 0:02:36]} Nf7 {[%emt 0:00:21]} 9. e5 {[%emt 0:07:58]} Nd7 {[%emt 0:10:42]} 10. f4 {[%emt 0:01:45]} Qe7 {[%emt 0:09:04]} 11. Nc1 {[%emt 0:04:52]} a6 {[%emt 0:01:58]} 12. Be2 {[%emt 0:01:33]} O-O {[%emt 0:00:06]} 13. O-O {[%emt 0:00:24]} Nh6 {[%emt 0:00:48]} 14. Nxd5 {[%emt 0:01:25]} Qd8 {[%emt 0:01:34]} 15. Nc3 {[%emt 0:00:35]} b5 {[%emt 0:01:25]} 16. Bf3 {[%emt 0:01:31]} Bb7 {[%emt 0:00:34]} 17. Qf2 {[%emt 0:12:16]} Bxc3 {[%emt 0:00:53]} 18. bxc3 {[%emt 0:00:10]} Nb6 {[%emt 0:00:03]} 19. Nd3 {[%emt 0:02:03]} Ng4 {[%emt 0:03:25]} 20. Qe2 {[%emt 0:10:16]} Nd5 {[%emt 0:04:25]} 21. Bd2 {[%emt 0:01:26]} Nh6 {[%emt 0:00:55]} 22. Nc5 {[%emt 0:00:55]} Bc8 {[%emt 0:00:45]} 23. a4 {[%emt 0:05:42]} Nf7 {[%emt 0:02:06]} 24. Kh1 {[%emt 0:01:03]} g5 {[%emt 0:00:17]} 25. g3 {[%emt 0:02:03]} g4 {[%emt 0:01:25]} 26. Bg2 {[%emt 0:00:06]} h5 {[%emt 0:00:03]} 27. axb5 {[%emt 0:07:04]} cxb5 {[%emt 0:00:23]} 28. c4 {[%emt 0:00:32]} bxc4 {[%emt 0:00:34]} 29. Qxc4 {[%emt 0:00:41]} h4 {[%emt 0:01:55]} 30. Bxd5 {[%emt 0:01:02]} exd5 {[%emt 0:00:08]} 31. Qa4 {[%emt 0:01:19]} Qb6 {[%emt 0:02:59]} 32. Kg2 {[%emt 0:02:26]} Qh6 {[%emt 0:01:03]} 33. Rh1 {[%emt 0:00:21]} Ra7 {[%emt 0:03:01]} 34. Rab1 {[%emt 0:02:01]} Nh8 {[%emt 0:03:13]} 35. Qa5 {[%emt 0:03:10]} Ng6 {[%emt 0:10:38]} 36. Qb6 {[%emt 0:02:15]} Qg7 {[%emt 0:02:36]} 37. Qd6 {[%emt 0:00:57]} Qf7 {[%emt 0:06:55]} 38. Rb6 {[%emt 0:07:25]} Kh7 {[%emt 0:01:49]} 39. Ba5 {[%emt 0:02:56]} Qg7 {[%emt 0:05:38]} 40. Rb8 {[%emt 0:00:00]} Qh6 {[%emt 0:00:00]} 41. e6 {[%emt 0:14:10]} Re8 {[%emt 0:05:20]} 42. Bd8 {[%emt 0:03:44]} Bxe6 {[%emt 0:15:54]} 43. Bg5 {[%emt 0:06:39]} Qf8 {[%emt 0:00:12]} 44. Qb6 {[%emt 0:01:42]} Bf7 {[%emt 0:05:33]} 45. Re1 {[%emt 0:08:26]} Rxb8 {[%emt 0:05:52]} 46. Qxa7 {[%emt 0:00:06]} h3+ {[%emt 0:00:53]} 47. Kf1 {[%emt 0:00:27]} 1/2-1/2

[Event "World Senior chT-65 2019"]
[Site "Rhodes"]
[Date "2019.04.18"]
[Round "3.35"]
[White "Staechelin, Ruedi"]
[Black "Gustavsson, Sture"]
[Result "1/2-1/2"]
[WhiteElo "2053"]
[BlackElo "1976"]
[PlyCount "92"]
[EventDate "2019.04.16"]
[EventType "team-tourn"]
[EventCountry "GRE"]
[TimeControl "40/5400+30:1800+30"]

1. e4 {[%emt 0:00:00]} c5 {[%emt 0:00:00]} 2. Nf3 {[%emt 0:00:00]} Nc6 {[%emt 0:00:00]} 3. Bb5 {[%emt 0:00:08]} Nf6 {[%emt 0:00:30]} 4. e5 {[%emt 0:01:43]} Nd5 {[%emt 0:01:04]} 5. O-O {[%emt 0:02:20]} g6 {[%emt 0:03:04]} 6. Re1 {[%emt 0:00:54]} Bg7 {[%emt 0:01:00]} 7. c3 {[%emt 0:00:47]} Nc7 {[%emt 0:02:45]} 8. Bf1 {[%emt 0:00:54]} d5 {[%emt 0:04:49]} 9. d3 {[%emt 0:08:57]} Bg4 {[%emt 0:03:10]} 10. Bf4 {[%emt 0:00:54]} Ne6 {[%emt 0:03:34]} 11. Bg3 {[%emt 0:05:21]} Qb6 {[%emt 0:11:30]} 12. Qb3 {[%emt 0:03:58]} Qxb3 {[%emt 0:05:36]} 13. axb3 {[%emt 0:00:07]} Bxf3 {[%emt 0:00:02]} 14. gxf3 {[%emt 0:00:22]} h5 {[%emt 0:00:09]} 15. h4 {[%emt 0:07:48]} g5 {[%emt 0:07:13]} 16. hxg5 {[%emt 0:09:41]} h4 {[%emt 0:02:01]} 17. Bh2 {[%emt 0:00:33]} Nxg5 {[%emt 0:01:13]} 18. Bg2 {[%emt 0:09:08]} h3 {[%emt 0:03:35]} 19. f4 {[%emt 0:01:14]} hxg2 {[%emt 0:22:07]} 20. fxg5 {[%emt 0:00:16]} Rh3 {[%emt 0:01:35]} 21. Kxg2 {[%emt 0:14:41]} Rxd3 {[%emt 0:00:06]} 22. Ra4 {[%emt 0:02:50]} d4 {[%emt 0:01:54]} 23. f4 {[%emt 0:01:19]} O-O-O {[%emt 0:04:33]} 24. Bg3 {[%emt 0:05:32]} dxc3 {[%emt 0:03:05]} 25. bxc3 {[%emt 0:01:50]} e6 {[%emt 0:03:21]} 26. Rae4 {[%emt 0:02:56]} Ne7 {[%emt 0:01:01]} 27. Bf2 {[%emt 0:01:05]} b6 {[%emt 0:01:07]} 28. b4 {[%emt 0:02:00]} cxb4 {[%emt 0:01:17]} 29. cxb4 {[%emt 0:00:50]} Bf8 {[%emt 0:01:13]} 30. b5 {[%emt 0:04:47]} Kb7 {[%emt 0:00:36]} 31. Rc1 {[%emt 0:01:32]} Nd5 {[%emt 0:01:27]} 32. Rec4 {[%emt 0:01:37]} Rb3 {[%emt 0:06:37]} 33. Nc3 {[%emt 0:01:07]} Nxc3 {[%emt 0:01:17]} 34. R1xc3 {[%emt 0:00:18]} Rxc3 {[%emt 0:00:03]} 35. Rxc3 {[%emt 0:00:14]} Rd5 {[%emt 0:01:14]} 36. Rb3 {[%emt 0:00:39]} Bc5 {[%emt 0:00:49]} 37. Kf3 {[%emt 0:01:18]} Rd2 {[%emt 0:00:56]} 38. Be3 {[%emt 0:00:45]} Rd5 {[%emt 0:00:42]} 39. Ke4 {[%emt 0:00:36]} Rd1 {[%emt 0:00:23]} 40. Kf3 {[%emt 0:00:00]} Bxe3 {[%emt 0:00:00]} 41. Kxe3 {[%emt 0:04:30]} a5 {[%emt 0:03:40]} 42. bxa6+ {[%emt 0:02:01]} Kxa6 {[%emt 0:00:09]} 43. Ra3+ {[%emt 0:00:13]} Kb7 {[%emt 0:03:36]} 44. Rb3 {[%emt 0:01:56]} Kc6 {[%emt 0:04:19]} 45. Rc3+ {[%emt 0:00:09]} Kb7 {[%emt 0:00:42]} 46. Rb3 {[%emt 0:00:33]} Kc6 {[%emt 0:00:06] Kd4 [%emt 00:00:15] Kd5+} 1/2-1/2

[Event "World Senior chT-65 2019"]
[Site "Rhodes"]
[Date "2019.04.18"]
[Round "3.36"]
[White "Andersson, Sven-Olof"]
[Black "Kradolfer, Georg"]
[Result "1-0"]
[WhiteElo "1904"]
[BlackElo "2048"]
[PlyCount "41"]
[EventDate "2019.04.16"]
[EventType "team-tourn"]
[EventCountry "GRE"]
[TimeControl "40/5400+30:1800+30"]

1. d4 {[%emt 0:00:00]} d5 {[%emt 0:00:00]} 2. Nf3 {[%emt 0:00:00]} Nf6 {[%emt 0:00:00]} 3. g3 {[%emt 0:00:16]} e6 {[%emt 0:01:25]} 4. Bg2 {[%emt 0:00:10]} c5 {[%emt 0:03:09]} 5. e3 {[%emt 0:00:29]} Nc6 {[%emt 0:02:52]} 6. b3 {[%emt 0:02:20]} b6 {[%emt 0:09:08]} 7. O-O {[%emt 0:01:45]} Ba6 {[%emt 0:06:33]} 8. Re1 {[%emt 0:01:16]} Rc8 {[%emt 0:00:30]} 9. Bf1 {[%emt 0:10:45]} Bxf1 {[%emt 0:01:45]} 10. Kxf1 {[%emt 0:00:40]} Ne4 {[%emt 0:05:53]} 11. dxc5 {[%emt 0:12:35]} Qf6 {[%emt 0:02:30]} 12. c3 {[%emt 0:01:33]} Ne5 {[%emt 0:20:05]} 13. Kg2 {[%emt 0:00:49]} Bxc5 {[%emt 0:02:05]} 14. Nxe5 {[%emt 0:06:01]} Qxe5 {[%emt 0:11:12]} 15. Qe2 {[%emt 0:06:44]} O-O {[%emt 0:02:13]} 16. Bb2 {[%emt 0:02:17]} Qf5 {[%emt 0:02:32]} 17. f3 {[%emt 0:07:38]} Nf6 {[%emt 0:04:58]} 18. Nd2 {[%emt 0:18:04]} h5 {[%emt 0:04:12]} 19. e4 {[%emt 0:01:44]} dxe4 {[%emt 0:04:42]} 20. Nxe4 {[%emt 0:00:16]} Qxe4 {[%emt 0:01:03]} 21. fxe4 {[%emt 0:00:15]} 1-0

[Event "World Senior chT-65 2019"]
[Site "Rhodes"]
[Date "2019.04.18"]
[Round "3.37"]
[White "Rantanen, Veikko"]
[Black "Carlsson, Ingvar"]
[Result "1/2-1/2"]
[WhiteElo "1971"]
[BlackElo "2119"]
[PlyCount "119"]
[EventDate "2019.04.16"]
[EventType "team-tourn"]
[EventCountry "GRE"]
[TimeControl "40/5400+30:1800+30"]

1. e4 {[%emt 4:32:01]} c5 {[%emt 0:00:25]} 2. Nf3 {[%emt 0:00:14]} d6 {[%emt 0:00:09]} 3. d4 {[%emt 0:02:18]} cxd4 {[%emt 0:00:08]} 4. Nxd4 {[%emt 0:00:06]} Nf6 {[%emt 0:00:11]} 5. Nc3 {[%emt 0:00:42]} g6 {[%emt 0:00:10]} 6. Be2 {[%emt 0:01:05]} Bg7 {[%emt 0:00:07]} 7. O-O {[%emt 0:02:56]} O-O {[%emt 0:00:11]} 8. Be3 {[%emt 0:02:30]} Nc6 {[%emt 0:00:08]} 9. Rb1 {[%emt 0:14:41]} d5 {[%emt 0:12:22]} 10. exd5 {[%emt 0:08:37]} Nxd5 {[%emt 0:24:01]} 11. Nxd5 {[%emt 0:02:57]} Qxd5 {[%emt 0:00:12]} 12. Bf3 {[%emt 0:02:56]} Qxa2 {[%emt 0:05:17]} 13. Nxc6 {[%emt 0:00:32]} bxc6 {[%emt 0:00:47]} 14. Bxc6 {[%emt 0:01:02]} Rb8 {[%emt 0:00:43]} 15. Bd5 {[%emt 0:00:30]} Qa6 {[%emt 0:30:00]} 16. Ra1 {[%emt 0:12:22]} Qd6 {[%emt 0:11:45]} 17. Bb3 {[%emt 0:00:20]} Bxb2 {[%emt 0:06:57]} 18. Qxd6 {[%emt 0:00:42]} exd6 {[%emt 0:00:02]} 19. Rxa7 {[%emt 0:00:19]} Bb7 {[%emt 0:01:43]} 20. Rd1 {[%emt 0:01:55]} Rfd8 {[%emt 0:02:15]} 21. f3 {[%emt 0:07:25]} d5 {[%emt 0:00:45]} 22. Bf4 {[%emt 0:00:38]} Bf6 {[%emt 0:02:30]} 23. Bxb8 {[%emt 0:01:16]} Rxb8 {[%emt 0:00:01]} 24. Bxd5 {[%emt 0:04:53]} Bxd5 {[%emt 0:00:06]} 25. Rxd5 {[%emt 0:00:09]} Rb4 {[%emt 0:00:30]} 26. Ra8+ {[%emt 0:01:39]} Kg7 {[%emt 0:00:03]} 27. Rc8 {[%emt 0:00:31]} Rb7 {[%emt 0:00:48]} 28. Kf2 {[%emt 0:01:12]} h5 {[%emt 0:00:36]} 29. g3 {[%emt 0:00:27]} Ra7 {[%emt 0:00:25]} 30. Ke2 {[%emt 0:02:05]} Ba1 {[%emt 0:00:50]} 31. f4 {[%emt 0:07:15]} Bf6 {[%emt 0:00:27]} 32. Rc6 {[%emt 0:03:40]} Re7+ {[%emt 0:00:25]} 33. Kd2 {[%emt 0:00:59]} Rb7 {[%emt 0:00:27]} 34. f5 {[%emt 0:05:55]} g5 {[%emt 0:00:38]} 35. Kd3 {[%emt 0:03:49]} Ra7 {[%emt 0:00:21]} 36. Kc4 {[%emt 0:00:38]} Ra4+ {[%emt 0:01:12]} 37. Kb5 {[%emt 0:01:33]} Re4 {[%emt 0:00:38]} 38. Rc7 {[%emt 0:01:14]} Be5 {[%emt 0:00:43]} 39. Re7 {[%emt 0:00:15]} Kf6 {[%emt 0:00:04]} 40. Rexe5 {[%emt 0:00:42]} Rxe5 {[%emt 0:00:03]} 41. Rxe5 {[%emt 0:00:21]} Kxe5 {[%emt 0:00:07]} 42. c4 {[%emt 0:00:06]} Kxf5 {[%emt 0:03:23]} 43. c5 {[%emt 0:00:09]} Kg4 {[%emt 0:01:58]} 44. c6 {[%emt 0:00:08]} Kh3 {[%emt 0:00:06]} 45. c7 {[%emt 0:00:05]} Kxh2 {[%emt 0:00:04]} 46. c8=Q {[%emt 0:00:11]} Kxg3 {[%emt 0:00:23]} 47. Qf5 {[%emt 0:00:11]} Kh4 {[%emt 0:00:29]} 48. Qxf7 {[%emt 0:00:35]} g4 {[%emt 0:00:10]} 49. Qf6+ {[%emt 0:08:37]} Kh3 {[%emt 0:03:37]} 50. Qf1+ {[%emt 0:01:29]} Kh2 {[%emt 0:03:18]} 51. Qf2+ {[%emt 0:00:27]} Kh3 {[%emt 0:00:19]} 52. Qg1 {[%emt 0:01:07]} g3 {[%emt 0:03:17]} 53. Kc4 {[%emt 0:00:08]} h4 {[%emt 0:00:14]} 54. Kd3 {[%emt 0:00:14]} g2 {[%emt 0:00:53]} 55. Ke3 {[%emt 0:00:13]} Kg3 {[%emt 0:00:21]} 56. Qf2+ {[%emt 0:05:33]} Kh3 {[%emt 0:00:13]} 57. Qg1 {[%emt 0:03:42]} Kg3 {[%emt 0:02:14]} 58. Qe1+ {[%emt 0:09:58]} Kh3 {[%emt 0:00:24]} 59. Kf2 {[%emt 0:01:12]} g1=Q+ {[%emt 0:00:59]} 60. Kxg1 {[%emt 0:00:23]} 1/2-1/2

[Event "World Senior chT-65 2019"]
[Site "Rhodes"]
[Date "2019.04.18"]
[Round "3.38"]
[White "Nordstrom, Felix"]
[Black "Ranki, Martti"]
[Result "1/2-1/2"]
[WhiteElo "2044"]
[BlackElo "1940"]
[PlyCount "51"]
[EventDate "2019.04.16"]
[EventType "team-tourn"]
[EventCountry "GRE"]
[TimeControl "40/5400+30:1800+30"]

1. e4 {[%emt 0:00:00]} c5 {[%emt 0:00:00]} 2. Nf3 {[%emt 0:00:00]} Nc6 {[%emt 0:00:11]} 3. d4 {[%emt 0:00:10]} cxd4 {[%emt 0:00:20]} 4. Nxd4 {[%emt 0:00:02]} d6 {[%emt 0:00:30]} 5. c4 {[%emt 0:01:59]} Bd7 {[%emt 0:02:01]} 6. Nc3 {[%emt 0:01:42]} Nf6 {[%emt 0:01:09]} 7. Be2 {[%emt 0:02:57]} g6 {[%emt 0:03:37]} 8. Nc2 {[%emt 0:03:26]} Bg7 {[%emt 0:01:06]} 9. O-O {[%emt 0:08:30]} O-O {[%emt 0:00:08]} 10. Bd2 {[%emt 0:04:20]} Re8 {[%emt 0:02:16]} 11. Rc1 {[%emt 0:00:58]} Rc8 {[%emt 0:01:01]} 12. Kh1 {[%emt 0:04:59]} Ne5 {[%emt 0:03:01]} 13. Ne3 {[%emt 0:01:42]} Bc6 {[%emt 0:02:49]} 14. f3 {[%emt 0:03:28]} b6 {[%emt 0:04:41]} 15. b4 {[%emt 0:09:24]} Bb7 {[%emt 0:04:17]} 16. Qb3 {[%emt 0:01:40]} Nc6 {[%emt 0:02:33]} 17. Qb1 {[%emt 0:05:50]} Nd4 {[%emt 0:04:57]} 18. Bd3 {[%emt 0:01:01]} e5 {[%emt 0:08:39]} 19. Ne2 {[%emt 0:03:20]} Ne6 {[%emt 0:02:09]} 20. Nd5 {[%emt 0:03:46]} Nh5 {[%emt 0:04:09]} 21. Rc2 {[%emt 0:05:38]} Qh4 {[%emt 0:04:40]} 22. Qe1 {[%emt 0:01:01]} Qxe1 {[%emt 0:02:21]} 23. Rxe1 {[%emt 0:01:51]} Bxd5 {[%emt 0:01:45]} 24. cxd5 {[%emt 0:02:44]} Nef4 {[%emt 0:00:40]} 25. Nxf4 {[%emt 0:01:08]} Nxf4 {[%emt 0:00:41]} 26. Bxf4 {[%emt 0:04:15]} 1/2-1/2

[Event "World Senior chT-65 2019"]
[Site "Rhodes"]
[Date "2019.04.18"]
[Round "3.39"]
[White "Alkkiomaki, Jyrki"]
[Black "Grahn, Lars"]
[Result "0-1"]
[WhiteElo "1908"]
[BlackElo "1985"]
[PlyCount "36"]
[EventDate "2019.04.16"]
[EventType "team-tourn"]
[EventCountry "GRE"]
[TimeControl "40/5400+30:1800+30"]

1. e4 {[%emt 0:00:00]} Nf6 {[%emt 0:00:00]} 2. e5 {[%emt 0:00:18]} Nd5 {[%emt 0:00:00]} 3. d4 {[%emt 0:00:17]} d6 {[%emt 0:00:00]} 4. Nf3 {[%emt 0:00:43]} dxe5 {[%emt 0:00:00]} 5. Nxe5 {[%emt 0:00:32]} c6 {[%emt 0:00:09]} 6. c4 {[%emt 0:03:08]} Nf6 {[%emt 0:03:17]} 7. Nc3 {[%emt 0:00:49]} Bf5 {[%emt 0:01:42]} 8. Be3 {[%emt 0:02:51]} e6 {[%emt 0:01:45]} 9. Qb3 {[%emt 0:01:53]} Qc8 {[%emt 0:09:57]} 10. Be2 {[%emt 0:00:59]} Bd6 {[%emt 0:01:33]} 11. O-O {[%emt 0:01:41]} O-O {[%emt 0:00:49]} 12. Nf3 {[%emt 0:05:17]} Qc7 {[%emt 0:07:49]} 13. Rac1 {[%emt 0:00:32]} Nbd7 {[%emt 0:05:59]} 14. g3 {[%emt 0:03:02]} h6 {[%emt 0:09:16]} 15. d5 {[%emt 0:09:18]} Ng4 {[%emt 0:15:11]} 16. Nh4 {[%emt 0:07:57]} Nxe3 {[%emt 0:04:26]} 17. fxe3 {[%emt 0:00:06]} Bh3 {[%emt 0:01:25]} 18. Rf2 {[%emt 0:00:54]} Bxg3 {[%emt 0:03:12]} 0-1